[Event "SVK-chT2D 0910"]
[Site "Slovakia"]
[Date "2010.01.10"]
[Round "7.5"]
[White "Ondo, Radoslav"]
[Black "Gettvert, Vojtech"]
[Result "1-0"]
[WhiteElo "2077"]
[BlackElo "2034"]
[PlyCount "63"]
[EventDate "2009.10.10"]
[EventType "team"]
[EventRounds "11"]
[EventCountry "SVK"]
[SourceTitle "EXT 2011"]
[Source "ChessBase"]
[SourceDate "2010.11.26"]
[SourceVersion "1"]
[SourceVersionDate "2010.11.26"]
[SourceQuality "1"]
[WhiteTeam "Michalovce Zemplin II"]
[BlackTeam "Kosice Slavia III"]
[WhiteTeamCountry "SVK"]
[BlackTeamCountry "SVK"]

1. e4 d6 2. c4 Nf6 3. Nc3 g6 4. g3 Bg7 5. Bg2 e5 6. Nge2 0-0 7. h3 Be6 8. d3 Nc6 9. 0-0 Rb8 10. Be3 a6 11. Rc1 Ne7 12. f4 b5 13. b3 b4 14. Nd5 Nfxd5 15. cxd5 Bd7 16. d4 f5 17. dxe5 dxe5 18. fxe5 Bxe5 19. Bd4 Bxd4+ 20. Qxd4 Bb5 21. Nf4 Bd7 22. e5 g5 23. Nh5 Be8 24. Nf6+ Kg7 25. Rc5 Rb5 26. Rfc1 Rxc5 27. Qxc5 Ng6 28. Qxc7+ Bf7 29. Nd7 Qxc7 30. Rxc7 Rd8 31. e6 Be8 32. d6 1-0

[Event "SVK-chT2D 0910"]
[Site "Slovakia"]
[Date "2009.11.07"]
[Round "3.5"]
[White "Gettvert, Vojtech"]
[Black "Jurcisin, Imrich"]
[Result "0-1"]
[WhiteElo "2034"]
[BlackElo "2035"]
[PlyCount "68"]
[EventDate "2009.10.10"]
[EventType "team"]
[EventRounds "11"]
[EventCountry "SVK"]
[SourceTitle "EXT 2011"]
[Source "ChessBase"]
[SourceDate "2010.11.26"]
[SourceVersion "1"]
[SourceVersionDate "2010.11.26"]
[SourceQuality "1"]
[WhiteTeam "Kosice Slavia III"]
[BlackTeam "Kosice Slavia IV"]
[WhiteTeamCountry "SVK"]
[BlackTeamCountry "SVK"]

1. e4 d5 2. exd5 Nf6 3. Nc3 Nxd5 4. Nxd5 Qxd5 5. Qf3 Be6 6. c3 c5 7. Be2 Nc6 8. Qxd5 Bxd5 9. Bf3 0-0-0 10. Bxd5 Rxd5 11. Ne2 e6 12. b3 Ne5 13. d4 Nd3+ 14. Kf1 cxd4 15. Nxd4 Nxc1 16. Rxc1 Ba3 17. Rb1 e5 18. Nc2 Bc5 19. Ke2 Rhd8 20. Rbd1 Rxd1 21. Rxd1 Rxd1 22. Kxd1 Bxf2 23. Ke2 Bc5 24. Kd3 Kd7 25. Kc4 Kc6 26. b4 b5+ 27. Kd3 Bg1 28. h3 f5 29. c4 e4+ 30. Kc3 bxc4 31. Kxc4 f4 32. Nd4+ Bxd4 33. Kxd4 f3 34. gxf3 exf3 0-1

[Event "SVK-chT2D 0910"]
[Site "Slovakia"]
[Date "2009.10.11"]
[Round "2.5"]
[White "Sromovsky, Jozef"]
[Black "Gettvert, Vojtech"]
[Result "1/2-1/2"]
[WhiteElo "2012"]
[BlackElo "2034"]
[PlyCount "75"]
[EventDate "2009.10.10"]
[EventType "team"]
[EventRounds "11"]
[EventCountry "SVK"]
[SourceTitle "EXT 2011"]
[Source "ChessBase"]
[SourceDate "2010.11.26"]
[SourceVersion "1"]
[SourceVersionDate "2010.11.26"]
[SourceQuality "1"]
[WhiteTeam "Kezmarok II"]
[BlackTeam "Kosice Slavia III"]
[WhiteTeamCountry "SVK"]
[BlackTeamCountry "SVK"]

1. Nf3 d6 2. d4 Nf6 3. b3 g6 4. Bb2 Bg7 5. c4 0-0 6. Nbd2 Bf5 7. g3 Qc8 8. h3 c5 9. Bg2 Nc6 10. g4 Bd7 11. d5 Nd8 12. Qc2 e5 13. a3 Re8 14. e4 Rf8 15. Nf1 Ne8 16. Ne3 f6 17. Bc3 Bh6 18. Bd2 Bf4 19. Nf1 Bxd2+ 20. Qxd2 Ng7 21. Ng3 Nf7 22. Nh4 Qd8 23. Nf3 b5 24. 0-0 a6 25. Rfc1 f5 26. exf5 gxf5 27. gxf5 Nxf5 28. Ne4 Kh8 29. Kh1 Nh4 30. Nxh4 Qxh4 31. Rc3 Rg8 32. Rg3 Bf5 33. Qe3 Bxe4 34. Qxe4 Qxe4 35. Bxe4 Rxg3 36. fxg3 bxc4 37. bxc4 Rb8 38. Re1 1/2-1/2

[Event "SVK-chT2D 0809"]
[Site "Slovakia"]
[Date "2009.01.10"]
[Round "7.1"]
[White "Ducay, Miroslav"]
[Black "Gettvert, Vojtech"]
[Result "1/2-1/2"]
[WhiteElo "2016"]
[BlackElo "2039"]
[PlyCount "85"]
[EventDate "2008.10.11"]
[EventType "team-tourn"]
[EventRounds "11"]
[EventCountry "SVK"]
[SourceTitle "EXT 2010"]
[Source "ChessBase"]
[SourceDate "2010.11.25"]
[SourceVersion "1"]
[SourceVersionDate "2010.11.25"]
[SourceQuality "1"]
[WhiteTeam "Presov Prvy Sk"]
[BlackTeam "Kosice Slavia UPJS III"]
[WhiteTeamCountry "SVK"]
[BlackTeamCountry "SVK"]

1. e4 d6 2. d4 Nf6 3. Nc3 g6 4. Nf3 Bg7 5. Be3 0-0 6. Bd3 Nc6 7. 0-0 Bg4 8. h3 Bxf3 9. Qxf3 e5 10. d5 Nb4 11. Bg5 Nxd3 12. cxd3 h6 13. Bh4 c6 14. Rac1 g5 15. Bg3 cxd5 16. exd5 Ne8 17. Qf5 Bf6 18. Rc2 Be7 19. f3 Ng7 20. Qe4 Qd7 21. Qa4 Qxa4 22. Nxa4 Rac8 23. Rfc1 Rxc2 24. Rxc2 b5 25. Nc3 Rc8 26. Re2 b4 27. Nb5 a6 28. Na7 Rc1+ 29. Kh2 Bd8 30. Bf2 Bc7 31. Nc6 a5 32. g4 Kf8 33. h4 f6 34. d4 Kf7 35. hxg5 hxg5 36. Kg2 Ra1 37. b3 Rc1 38. Be3 Rc3 39. Kf2 Rd3 40. Rc2 exd4 41. Bxd4 Rd1 42. Ke2 Rh1 43. Nxb4 1/2-1/2

[Event "SVK-chT2D 0809"]
[Site "Slovakia"]
[Date "2008.12.06"]
[Round "5.1"]
[White "Harvan, Richard"]
[Black "Gettvert, Vojtech"]
[Result "0-1"]
[WhiteElo "1781"]
[BlackElo "2039"]
[PlyCount "70"]
[EventDate "2008.10.11"]
[EventType "team-tourn"]
[EventRounds "11"]
[EventCountry "SVK"]
[SourceTitle "EXT 2010"]
[Source "ChessBase"]
[SourceDate "2010.11.25"]
[SourceVersion "1"]
[SourceVersionDate "2010.11.25"]
[SourceQuality "1"]
[WhiteTeam "Kosice Slavia UPJS IV"]
[BlackTeam "Kosice Slavia UPJS III"]
[WhiteTeamCountry "SVK"]
[BlackTeamCountry "SVK"]

1. e4 d6 2. d4 Nf6 3. Nc3 g6 4. f4 Bg7 5. Nf3 0-0 6. Be2 c5 7. dxc5 Qa5 8. Qd2 Qxc5 9. Qe3 Qa5 10. Qd2 Nc6 11. Bd3 Bd7 12. Ne2 Qc5 13. Qe3 Qxe3 14. Bxe3 Nb4 15. Kd2 Rfc8 16. a3 Nc6 17. h3 Rc7 18. g4 e6 19. Ng3 Ne8 20. f5 Bxb2 21. Ra2 Bg7 22. fxg6 fxg6 23. g5 Ne5 24. Nxe5 Bxe5 25. Ne2 Ng7 26. Bf4 Bxf4+ 27. Nxf4 Rf8 28. Ke3 Rc5 29. h4 Bc6 30. c4 e5 31. Nd5 Bxd5 32. cxd5 Nh5 33. Be2 Ng3 34. Rh2 Rc3+ 35. Bd3 Nf1+ 0-1

[Event "SVK-chT2D 0809"]
[Site "Slovakia"]
[Date "2008.10.11"]
[Round "1.2"]
[White "Gettvert, Vojtech"]
[Black "Turzak, Milan1111"]
[Result "1-0"]
[WhiteElo "2039"]
[BlackElo "1855"]
[PlyCount "99"]
[EventDate "2008.10.11"]
[EventType "team-tourn"]
[EventRounds "11"]
[EventCountry "SVK"]
[SourceTitle "EXT 2010"]
[Source "ChessBase"]
[SourceDate "2010.11.25"]
[SourceVersion "1"]
[SourceVersionDate "2010.11.25"]
[SourceQuality "1"]
[WhiteTeam "Kosice Slavia UPJS III"]
[BlackTeam "Gelnica Slovan"]
[WhiteTeamCountry "SVK"]
[BlackTeamCountry "SVK"]

1. e4 e5 2. Nc3 Nf6 3. f4 d6 4. Nf3 Nbd7 5. d4 exd4 6. Qxd4 b6 7. Bc4 h6 8. Be3 Bb7 9. 0-0-0 Qe7 10. Nd5 Nxd5 11. Bxd5 c6 12. Bb3 c5 13. Qc4 d5 14. Rxd5 Bxd5 15. Qxd5 Rb8 16. Rd1 b5 17. c4 Qe6 18. cxb5 Nf6 19. Qxe6+ fxe6 20. Bxe6 Rb6 21. Bf5 Rxb5 22. e5 c4 23. Bg6+ Ke7 24. exf6+ Kxf6 25. f5 Bc5 26. Bxc5 Rxc5 27. Rd6+ Ke7 28. Re6+ Kd8 29. Kc2 Rc7 30. Ne5 Kc8 31. Nf7 Rf8 32. Nd6+ Kb8 33. Nb5 Rd7 34. Re4 Rfd8 35. Re2 Rd5 36. Nc3 R5d6 37. Bf7 Rf6 38. Be6 Re8 39. Rd2 g6 40. g4 h5 41. h3 gxf5 42. gxf5 Rff8 43. Rd4 Re7 44. Rxc4 Rg7 45. Nd5 Rg2+ 46. Kb3 Rg3+ 47. Ka4 Kb7 48. Nb4 Kb8 49. Ka5 Rg7 50. Na6+ 1-0